000 01237nam a22003617a 4500
001 BR2019002047
003 BR-BrBNA
005 20230928105437.0
007 ta
008 230509b bl.||||| |||| 00| 0 por d
040 _aBR-BrBNA
_bpor
_cBiblioteca Nacional de Agricultura
041 _a(Eng)
072 _aS01; E14; D50
090 _ S01 BR2019002047
110 1 _aMinistério da Agricultura, Pecuária e Abastecimento, Brasília, DF (Brasil)
111 1 _a2. International Conference on Agricultural Product Traceability
_cBrasília, DF (Brazil)
_d10-12 Apr 2006
245 1 _aAnnals of 2. International Conference on Agricultural Product Traceability; Subject: food safety and sustainability: measures to check compliance in agricultural processes
260 3 _aBrasília, DF (Brasil):
_c2006.
300 _a296 p.
650 _aSEGURANÇA ALIMENTAR
650 _aNUTRIÇÃO HUMANA
650 _aALIMENTO VEGETAL
650 _aALIMENTO ANIMAL
650 _aRASTREAMENTO
650 _aAGRICULTURA
650 _aPECUÁRIA
650 _aCERTIFICAÇÃO DE PRODUTO
650 _aSANIDADE ANIMAL
650 _aBIOSSEGURANÇA
650 _aLEGISLAÇÃO
909 _a202309
_bLucia
_c55
_dLucia Elande
942 _cBK
999 _c85169
_d85169